গাইবান্ধার ইতিহাস ও ঐতিহ্য / (Record no. 26110)

MARC details
000 -LEADER
fixed length control field 00848nam a22001937a 4500
003 - CONTROL NUMBER IDENTIFIER
control field BDDh-ASL
005 - DATE AND TIME OF LATEST TRANSACTION
control field 20231015030611.0
008 - FIXED-LENGTH DATA ELEMENTS--GENERAL INFORMATION
fixed length control field 210926s20021994bg ||||| |||| 00| 0 b d
040 ## - CATALOGING SOURCE
Transcribing agency BDDh-ASL
082 ## - DEWEY DECIMAL CLASSIFICATION NUMBER
Classification number 954.9288
Item number AMT
245 10 - TITLE STATEMENT
Title গাইবান্ধার ইতিহাস ও ঐতিহ্য /
246 ## - VARYING FORM OF TITLE
Title proper/short title Gaibanghar Itihas o Yeitizza
260 ## - PUBLICATION, DISTRIBUTION, ETC.
Place of publication, distribution, etc. গাইবান্ধা:
Name of publisher, distributor, etc. গাইবান্ধা ফাউন্ডেশন,
Date of publication, distribution, etc. ২০০২।
300 ## - PHYSICAL DESCRIPTION
Extent ৩১৫ পৃষ্ঠা, :
Dimensions ২২ সে. মি.
650 #0 - SUBJECT ADDED ENTRY--TOPICAL TERM
9 (RLIN) 4586
Topical term or geographic name entry element History (ইতিহাস)
Geographic subdivision Bangladesh (বাংলাদেশ)
651 #0 - SUBJECT ADDED ENTRY--GEOGRAPHIC NAME
Geographic name Rangpur (রংপুর)
Geographic subdivision Bangladesh (বাংলাদেশ)
General subdivision ঐতিহ্য
9 (RLIN) 4596
700 1# - ADDED ENTRY--PERSONAL NAME
9 (RLIN) 4626
Personal name রাজ্জাক, মোঃ আব্দুর
942 ## - ADDED ENTRY ELEMENTS (KOHA)
Source of classification or shelving scheme Dewey Decimal Classification
Koha item type Books
Holdings
Withdrawn status Lost status Source of classification or shelving scheme Damaged status Not for loan Collection code Home library Current library Shelving location Date acquired Source of acquisition Total Checkouts Full call number Barcode Date last seen Copy number Price effective from Koha item type
    Dewey Decimal Classification     Non-fiction Asiatic Society Library Asiatic Society Library General Stacks 09/28/2021 ASB Collection   954.9288 AMT 112066 09/28/2021 C-1 09/28/2021 Books

Powered by Koha